Creation of excitations and defects in insulating materials by high-current-density electron beams of nanosecond pulse duration; Physica Status Solidi (C); Vol. 2, iss. 1
| Parent link: | Physica Status Solidi (C): Journal.— , 1961- Vol. 2, iss. 1.— 2005.— [P. 216-222] |
|---|---|
| Hlavní autor: | |
| Další autoři: | |
| Shrnutí: | Title screen The paper is concerned with fast and ultra-fast processes in insulating materials under the irradiation by a high-current-density electron beam of a nanosecond pulse duration. The inflation process induced by the interaction of a high-intensity electron beam with a dielectric is examined. The “instantaneous” distribu-tion of non-ionizing electrons and holes is one of the most important stages of the process. Ionization-passive electrons and holes make the main contribution to many fast processes with a characteristic time in the range 10–14 ? 10–12 s: high-energy conductivity, intraband luminescence, etc. A technique was devel-oped for calculation of the “instantaneous” distribution of non-ionizing electrons and holes in a dielectric prior to electron-phonon relaxation. The following experimental effects are considered: intraband lumi-nescence, coexistence of intraband electron luminescence and band-to-band hole luminescence in CsI, high energy conductivity; generation of mechanical fields and their interaction with cracks and disloca-tions. |
| Jazyk: | angličtina |
| Vydáno: |
2005
|
| Témata: | |
| On-line přístup: | http://dx.doi.org/10.1002/pssc.200460149 |
| Médium: | MixedMaterials Elektronický zdroj Kapitola |
| KOHA link: | https://koha.lib.tpu.ru/cgi-bin/koha/opac-detail.pl?biblionumber=647083 |
MARC
| LEADER | 00000naa0a2200000 4500 | ||
|---|---|---|---|
| 001 | 647083 | ||
| 005 | 20250204123820.0 | ||
| 035 | |a (RuTPU)RU\TPU\network\12220 | ||
| 090 | |a 647083 | ||
| 100 | |a 20160324d2005 k||y0rusy50 ba | ||
| 101 | 0 | |a eng | |
| 102 | |a DE | ||
| 135 | |a drcn ---uucaa | ||
| 181 | 0 | |a i | |
| 182 | 0 | |a b | |
| 200 | 1 | |a Creation of excitations and defects in insulating materials by high-current-density electron beams of nanosecond pulse duration |f D. I. Vaisburd, K. E. Evdokimov | |
| 203 | |a Text |c electronic | ||
| 300 | |a Title screen | ||
| 320 | |a [References: p. 222 (17 tit.)] | ||
| 330 | |a The paper is concerned with fast and ultra-fast processes in insulating materials under the irradiation by a high-current-density electron beam of a nanosecond pulse duration. The inflation process induced by the interaction of a high-intensity electron beam with a dielectric is examined. The “instantaneous” distribu-tion of non-ionizing electrons and holes is one of the most important stages of the process. Ionization-passive electrons and holes make the main contribution to many fast processes with a characteristic time in the range 10–14 ? 10–12 s: high-energy conductivity, intraband luminescence, etc. A technique was devel-oped for calculation of the “instantaneous” distribution of non-ionizing electrons and holes in a dielectric prior to electron-phonon relaxation. The following experimental effects are considered: intraband lumi-nescence, coexistence of intraband electron luminescence and band-to-band hole luminescence in CsI, high energy conductivity; generation of mechanical fields and their interaction with cracks and disloca-tions. | ||
| 461 | |t Physica Status Solidi (C) |o Journal |d 1961- | ||
| 463 | |t Vol. 2, iss. 1 |v [P. 216-222] |d 2005 | ||
| 610 | 1 | |a электронный ресурс | |
| 610 | 1 | |a труды учёных ТПУ | |
| 700 | 1 | |a Вайсбурд |b Д. И. |c российский физик |c профессор, директор Центра новых технологий Томского политехнического университета |f 1937-2007 |g Давид Израйлевич |3 (RuTPU)RU\TPU\pers\19773 |9 7711 | |
| 701 | 1 | |a Evdokimov |b K. E. |c physicist |c Associate Professor of Tomsk Polytechnic University, Candidate of physical and mathematical sciences |f 1976- |g Kirill Evgenievich |3 (RuTPU)RU\TPU\pers\31791 |9 15902 | |
| 801 | 2 | |a RU |b 63413507 |c 20160324 |g RCR | |
| 856 | 4 | |u http://dx.doi.org/10.1002/pssc.200460149 | |
| 942 | |c CF | ||